BREXIT: the 14 UK major cities who voted to REMAIN in the EU - Statistics

General Stats
  • This quiz has been taken 489 times
  • The average score is 9 of 14
Answer Stats
% Remain vote Answer % Correct
59.9 London
99%
74.40 Edinburgh
90%
60.4 Manchester
90%
66.6 Glasgow
87%
58.2 Liverpool
81%
50.3 Leeds
68%
60 Cardiff
66%
59.9 Belfast
62%
50.7 Newcastle upon Tyne
62%
61.7 Bristol
60%
61.1 Aberdeen
54%
68.6 Brighton & Hove
41%
58 York
30%
51.1 Leicester
29%
No matching quizzes found
Score Distribution
Percent of People with Each Score
Percentile by Number Answered
Your Score History
You have not taken this quiz